01077nam a2200265 a 450000100060000000300080000600500170001400800410003102000280007203500200010004000320012004100080015208200310016024501380019126000460032930000210037550400410039665000530043765000690049065000620055970000340062194200120065599900170066795201270068459780BD-RjUL20211209080753.0161227s1989 cou b 000 0 eng  a0813377684 (alk. paper) a(BD-RjUL) 59904 aDLCcDLCdDLCdBD-RjULbeng aeng00a307.14091724223bASS 198900aAssessing participatory development :brhetoric versus reality /cedited by William P. Lineberry ; with a foreword by Idriss Jazairy. aBoulder, Colo. :bWestview Press,cc1989. a139 p. ;c23 cm. aIncludes bibliographical references. 0aRural developmentzDeveloping countries.9177875 0aAgricultural development projectszDeveloping countries.9177876 0aWomen in rural developmentzDeveloping countries.91778771 aLineberry, William P.9177878 2ddccBK c59780d59780 00102ddc40718NFICaRUCLbRUCLcReadingd1993-02-03l0o307.14091724 ASS 1989r2016-12-27 00:00:00tC-1w2016-12-27yBK